Beiträge Zur Neuesten Handelspolitik Österreichs : Hrsg. Vom Verein Für Socialpolitik. (Schriften des Vereins Für Socialpolitik XCIII).

Bibliographic Details
Main Author: Socialpolitik, Verein für.
Format: eBook
Language:German
Published: Berlin : Duncker & Humblot, 2014.
Edition:1st ed.
Series:Duncker and Humblot Reprints Series
Subjects:
Online Access:Click to View
LEADER 04393nam a22003973i 4500
001 EBC7101278
003 MiAaPQ
005 20240729202204.0
006 m o d |
007 cr cnu||||||||
008 240729s2014 xx o ||||0 ger d
020 |a 9783428573400  |q (electronic bk.) 
020 |z 9783428173402 
035 |a (MiAaPQ)EBC7101278 
035 |a (Au-PeEL)EBL7101278 
035 |a (OCoLC)1348482872 
040 |a MiAaPQ  |b eng  |e rda  |e pn  |c MiAaPQ  |d MiAaPQ 
100 1 |a Socialpolitik, Verein für. 
245 1 0 |a Beiträge Zur Neuesten Handelspolitik Österreichs :  |b Hrsg. Vom Verein Für Socialpolitik. (Schriften des Vereins Für Socialpolitik XCIII). 
250 |a 1st ed. 
264 1 |a Berlin :  |b Duncker & Humblot,  |c 2014. 
264 4 |c {copy}1901. 
300 |a 1 online resource (325 pages) 
336 |a text  |b txt  |2 rdacontent 
337 |a computer  |b c  |2 rdamedia 
338 |a online resource  |b cr  |2 rdacarrier 
490 1 |a Duncker and Humblot Reprints Series 
505 0 |a Intro -- Vorrede -- Inhaltsverzeichnis -- I. Die handelspolitischen Interessen Ungarns. Von Staatssekretär a. D. Dr. Alexander von Matlekovit -- 1. Der Einstich Ungarns ans die Zollpolitik Österreichs-Ungarns seit 1867 -- 2. Die Bestrebungen der Agrarier -- 3. Die Union Österreich-Ungarns mit Deutschland -- 4. Die Wirkung der Handelsverträge vom Jahre 1891 ans die wirtschaftlichen Verhältnisse Ungarns -- 5. Die zukünftige Handelspolitik der österreichungarischen Monarchie vom Standpunkte Ungarns -- II. Die handelspolitischen Beziehungen Deutschlands und Österreichs. Von Dr. Josef Grunzet -- I. Die Entwicklung der handelspolitischen Beziehungen -- II. Die gegenwärtige handelspolitische Situation -- III. Die neuen Zolleinigungsbestrebungen -- IV. Die Grundlinien für ein Zoll- und Handelsbündnis -- III. Die handelspolitischen Beziehungen Österreich-Ungarns zu Rumänien, Serbien und Bulgarien. von Dr. Karl Grünberg -- I. Einleitung -- II . Das handelspolitische Verhältnis zu Rumänien -- III. Das handelspolitische Verhältnis zu Serbien -- IV. Das handelspolitische Verhältnis zu Bulgarien -- V. Schlußbetrachtungen -- IV. Die handelspolitischen Interessen der österreichischen Landwirtschaft. von Dr. Karl Allesina von Schweitzer -- V. Zur Frage einer Zollunion mit Deutschland vom Standpunkte der Österreichischen Textilindustrien. Von K. K. Komm.-Rat Dr. Ernst von Stein -- I. -- II. -- III. -- IV. -- VI. Die handelspolitischen Interessen der österreichischen Glasindustrie. Von Julius Reich, k. k. Commerrialrat -- VII. Die Stellung der Holzbranche zu den Holzzöllen. Von I. S. -- I. -- II. -- III. -- VIII. Einige Bemerkungen über die handelspolitischen Interessen der österreichischen Thonindustrie. von Julius von Bük -- IX. Internationale Veterinärkonventionen. Von Hofrat Professor Dr. Gustav Marchet -- I. Thatsächlicher Stand. 
505 8 |a 1. Bestimmungen über den Grenzverkehr -- a) Deutsches Reich -- b) Italien -- c) Schweiz -- d) Serbien -- e) Rumänien -- 2. Specialbestimmungen -- 3. Viehseuchenübereinkommen -- II. Kritik und Schlußfolgerungen -- X. Zollverwaltung und Zollverfahren. Von Dr. Rudolf Kobatsch, Wien -- 1. Zollbehörden -- 2. Rechtsverbindliche Auskunftsstelle für Zollangelegenheiten -- 3. Bestrafung der Unrichtigkeiten in der Warenerklärung nach dem 10. Hauptstück des Gefällsstrafgesetzes -- 4. 11 und 13 der Durchführungsvorschrift zum Zollgesetze -- 5. Losungsverfahren bei inländischen Warenmustern in der Ausfuhr -- 6. Losungsverkehr bei Retourwaren -- 7. Besichtigung der Waren -- 8. Cessionsverfahren -- 9. Annullierung von Verzollungen -- 10. Einlagerung der Waren -- 11. Intervention und Nachrevision. 
588 |a Description based on publisher supplied metadata and other sources. 
590 |a Electronic reproduction. Ann Arbor, Michigan : ProQuest Ebook Central, 2024. Available via World Wide Web. Access may be limited to ProQuest Ebook Central affiliated libraries.  
655 4 |a Electronic books. 
776 0 8 |i Print version:  |a Socialpolitik, Verein für  |t Beiträge Zur Neuesten Handelspolitik Österreichs  |d Berlin : Duncker & Humblot,c2014  |z 9783428173402 
797 2 |a ProQuest (Firm) 
830 0 |a Duncker and Humblot Reprints Series 
856 4 0 |u https://ebookcentral.proquest.com/lib/matrademy/detail.action?docID=7101278  |z Click to View